Pan de ayer / (Registro nro. 16722)

Detalles MARC
000 -LEADER
campo de control de longitud fija 00598nam a2200205 i 4500
001 - NÚMERO DE CONTROL
campo de control 16722
003 - IDENTIFICADOR DE NÚMERO DE CONTROL
campo de control ES-MaACL
005 - FECHA Y HORA DE LA ÚLTIMA TRANSACCIÓN
campo de control 20230906151401.0
007 - CAMPO FIJO DE DESCRIPCIÓN FÍSICA--INFORMACIÓN GENERAL
campo de control de longitud fija t|
008 - DATOS DE LONGITUD FIJA--INFORMACIÓN GENERAL
campo de control de longitud fija 001027s2000 sp ||||1| spa d
080 ## - NÚMERO DE LA CLASIFICACIÓN DECIMAL UNIVERSAL
Número de la Clasificación Decimal Universal 821.134.2-34"19"
100 1# - ENTRADA PRINCIPAL--NOMBRE DE PERSONA
Nombre de persona Viera, Jorge.
9 (RLIN) 114586
245 10 - MENCIÓN DEL TÍTULO
Título Pan de ayer /
Mención de responsabilidad, etc. Jorge Viera. El invitado / Miguel Lizondo.
260 ## - PUBLICACIÓN, DISTRIBUCIÓN, ETC.
Lugar de publicación, distribución, etc. [Segorbe] :
Nombre del editor, distribuidor, etc. Fundación Max Aub,
Fecha de publicación, distribución, etc. [2000]
300 ## - DESCRIPCIÓN FÍSICA
Extensión 85 p. ;
Dimensiones 15 cn.
500 ## - NOTA GENERAL
Nota general XIII Premio "Max Aub" 1999. Finalista.
700 1# - ENTRADA AGREGADA--NOMBRE PERSONAL
Nombre de persona Lizondo, Miguel.
9 (RLIN) 72630
740 3# - ENTRADA AGREGADA--TÍTULO RELACIONADO/ANALÍTICO NO CONTROLADO
Título relacionado o analítico no controlado El invitado.
852 ## - LOCALIZACIÓN
Ubicación ES-MaACL
Número de control de estantería L-23759
Sublocalización o colección R.128955
Existencias
Estatus retirado Estado de pérdida Estado de daño No para préstamo Biblioteca de origen Biblioteca actual Ubicación en estantería Fecha de adquisición Fuente de adquisición Total de préstamos Signatura topográfica completa Código de barras Visto por última vez Precio de reemplazo Tipo de ítem Koha
        Biblioteca del Ateneo de Madrid Biblioteca del Ateneo de Madrid Depósito 2 17/01/2008     L-23759 1016984 23/02/2023 23/02/2023 Libro impreso